000 00293nam a22000977a 4500
008 171113b xxu||||| |||| 00| 0 eng d
100 _aSchwaneberger
245 _aMichel-Farbenfuhrer (Schwaneberger color guide) 1958
260 _aMunich
_bSchwaneberger Verlag
_c1958
650 _aColor Guides | Color
999 _c2547
_d2547